| 000 | 00773nam a2200253Ia 4500 | ||
|---|---|---|---|
| 003 | OSt | ||
| 005 | 20220916110919.0 | ||
| 006 | a|||||r|||| 00| 0 | ||
| 007 | ta | ||
| 008 | 220915b |||||||| |||| 00| 0 hin d | ||
| 024 | _a215272 | ||
| 037 | _cTextbook | ||
| 040 |
_bhin _aARTS _cARTS |
||
| 041 | _ahin | ||
| 082 | _aO152:g, J7 | ||
| 100 | _aश्यामसंुदरदास | ||
| 245 | 0 | _aसाहित्यलोचन | |
| 246 | _aSāhityalochana | ||
| 250 | _aसंस्क 6 | ||
| 260 |
_aप्रयाग _bइंडियन प्रेस भारत _c1942 |
||
| 650 | _aहिन्दी साहित्य | ||
| 942 |
_hO152:g, J7 _cTB _2CC |
||
| 999 |
_c101241 _d101241 |
||